000 00376nam a22001337a 4500
003 SGT
020 _a9789387269354
082 _a891.4309
_bD17A
100 _aअख्तर, शकील
245 _aदिल ही तो हैं
260 _bस्टोरी मिरोर इंफोटेक प्रा. लि.
_c2017
300 _a230
942 _2ddc
_cBK
999 _c31436
_d31436